Responses for Show #1474 - Thursday, January 17, 1991

Lois Kurowski game 4.

Contestants

[<< previous game]

Barbara Pixley, a teacher originally from Lincoln, Nebraska

Monica Nishida, a nursing assistant from Granada Hills, California

Lois Kurowski, a doctoral student from Elkhart, Indiana (whose 3-day cash winnings total $44,100)

[next game >>]

Jeopardy! Round responses

THE WHITE HOUSE
FRUITS & VEGETABLES
QUOTES
SCIENCE
EGYPT
MUSICAL RHYME TIME
    $100 2
Telephone

Lois
    $100 16
Pit/Stone

Lois
    $100 11
War

Lois
    $100 21
Polaroid Camera

Lois
    $100 1
Aswan High Dam

Monica
    $100 26
(B: What is Oh, Molly?)

Miss Molly

LoisBarbara
    $200 3
First Lady (or White House Hostess)

Lois
    $200 17
Prickly Pear

Barbara
    $200 12
Death

Monica
    $200 22
(B: What is oxygen?)

Hydrogen

LoisBarbara
    $200 7
Cotton

Barbara
    $200 27
[Barbara mixed up the response, but was credited]
(Alex: She got all the words in; I have a feeling that music may not be Barbara's strong suit!)
(Barbara: Not this type of music!)
(Alex: We'll give you a correct on that!)

itsy bitsy teenie weenie

Barbara
    $300 4
The Blue Room

Lois
    $300 18
Navel Orange

Barbara
    $300 13
Postage Stamps

Triple Stumper
    $300 23
Leaning Tower of Pisa

Monica
    $300 8
Hosni Mubarak

Barbara
    $300 28
"The Lonely"

Monica
    $400 5
Pennsylvania Avenue

Lois
    $400 19
Vitamin C

Lois
    $400 14
Richard Wagner

Monica
    $400 24
Compass

Monica
    $400 9
University

Lois
    $400 29
"Tallahassee Lassie"

Lois
    $500 6
Buffalo

Barbara
    $500 20
Onions

Lois
    $500 15
Voltaire

Barbara
    $500 25
Electron

Lois
    $700 10
Saladin

Lois
    $500 30
(Alex: That's a good guess if it is a guess & it is correct!)

"Me and Bobby McGee"

Lois

Scores at the first commercial break (after clue 15):

Lois Monica Barbara
$2,200 $700 $1,500

Scores at the end of the Jeopardy! Round:

Lois Monica Barbara
$5,000 $1,700 $1,900

Double Jeopardy! Round responses

HISTORIC NICKNAMES
BOOKS & AUTHORS
HATS
THE LABOR MOVEMENT
ZOOLOGY
NATIONAL COAT-OF-ARMS
(of different countries)
    $200 1
Napoleon

Lois
    $200 13
"The Kiss of the Spider Woman"

Barbara
    $200 9
Turban

Lois
    $200 2
Escalator Clause

Lois
    $200 12
Chewing

Monica
    $200 23
Christopher Columbus

Barbara
    $400 4
Peter Stuyvesant

Monica
    $400 17
China

Lois
    $400 14
Beefeater

Barbara
    $400 3
Detroit

Monica
    $400 16
monkey

Monica
    $400 24
Mount Kilimanjaro

Lois
    $600 5
Florence Nightingale

Barbara
    $600 26
Herman Wouk

Monica
    $600 15
Beret

Lois
    $600 7
Apprentice

Barbara
    $600 18
Man-O'-War

Barbara
    $600 25
Liberia

Monica
    $800 6
Attila The Hun

Lois
    $800 27
Mario Puzo

Monica
    $800 21
Derby Hat

Lois
    $800 10
Lockout

Lois
    $1,500 19
Ermine

Barbara
    $2,000 29
[The end-of-round signal sounds.]

Nepal

Lois
    $1000 8
(B: Who was Antony?)

Lord (Admiral) Nelson

Barbara
Triple Stumper
    $1000 28
"Being There"

Lois
    $1000 22
(Minute to go....)

Fedora

Triple Stumper
    $1000 11
Fringe Benefits

Lois
    $1000 20
Narwhal

Barbara

Scores at the end of the Double Jeopardy! Round:

Lois Monica Barbara
$13,400 $5,100 $6,000
(lock game)

[wagering suggestions for these scores]

Final Jeopardy! Round responses

FAMOUS WOMEN
[Oprah: A little higher than Madonna]
[Lois' 4-day total: $57,500]
(Alex: We'll see you tomorrow as you return and we'll find out if you can become an undefeated, five-time champion in order to qualify for next year's Tournament of Champions. Good luck to you there.)
MonicaWho is Kathleen Turner?
$5,100
BarbaraWho is Madonna?
$5,000
LoisWho is Madonna?
$0
(1 of) Madonna & Oprah Winfrey

Final scores:

Lois Monica Barbara
$13,400 $0 $11,000
4-day champion: $57,500 3rd place: Gibson portable dishwasher 2nd place: Colortyme home entertainment center

Game dynamics:

Coryat scores:

Lois Monica Barbara
$12,000 $5,100 $5,300
28 R
(including 2 DDs),
0 W
13 R,
0 W
15 R
(including 1 DD),
3 W

Combined Coryat: $22,400

[game clues] [game scores] [suggest correction]

Game tape date: 1990-10-10
The J! Archive is created by fans, for fans. Scraping, republication, monetization, and malicious use prohibited; this site may use cookies and collect identifying information. See terms. The Jeopardy! game show and all elements thereof, including but not limited to copyright and trademark thereto, are the property of Jeopardy Productions, Inc. and are protected under law. This website is not affiliated with, sponsored by, or operated by Jeopardy Productions, Inc. Join the discussion at JBoard.tv.